书目信息 |
| 题名: |
电工与电子实训教程
|
|
| 作者: | 殷志坚 , 王丽华 , 彭健飞 主编 | |
| 分册: | ||
| 出版信息: | 武汉 华中科技大学出版社 2007.09 |
|
| 页数: | 220页 | |
| 开本: | 23cm | |
| 丛书名: | 高等院校技术基础课系列教材 | |
| 单 册: | ||
| 中图分类: | TM-43 | |
| 科图分类: | ||
| 主题词: | 电工技术--dian gong ji shu--高等学校--教材 , 电子技术--dian zi ji shu--高等学校--教材 | |
| 电子资源: | ||
| ISBN: | 978-7-5609-4168-4 | |
| 000 | 01145nam 2200301 450 | |
| 001 | 012008697590 | |
| 005 | 20080602170903.94 | |
| 010 | @a978-7-5609-4168-4@dCNY25.00 | |
| 100 | @a20080602d2007 em y0chiy0120 ea | |
| 101 | 0 | @achi |
| 102 | @aCN@b420000 | |
| 105 | @ay a 000yy | |
| 106 | @ar | |
| 200 | 1 | @a电工与电子实训教程@Adian gong yu dian zi shi xun jiao cheng@f殷志坚, 王丽华, 彭健飞主编@Fyin zhi jian,wang li hua,peng jian fei zhu bian |
| 210 | @a武汉@c华中科技大学出版社@d2007.09 | |
| 215 | @a220页@d23cm | |
| 225 | 2 | @a高等院校技术基础课系列教材@Agao deng yuan xiao ji shu ji chu ke xi lie jiao cai |
| 320 | @a有书目 | |
| 330 | @a本书分四章,共51个实验,主要介绍了电工电子技术中的基本实验内容和测试方法,以及常用电工和电子实验仪器的使用。 | |
| 410 | 0 | @12001 @a高等院校技术基础课系列教材 |
| 606 | 0 | @a电工技术@Adian gong ji shu@x高等学校@j教材 |
| 606 | 0 | @a电子技术@Adian zi ji shu@x高等学校@j教材 |
| 690 | @aTM-43@v4 | |
| 701 | 0 | @a殷志坚@Ayin zhi jian@4主编 |
| 701 | 0 | @a王丽华@Awang li hua@4主编 |
| 701 | 0 | @a彭健飞@Apeng jian fei@4主编 |
| 801 | 0 | @aCN@bQSSK@c20080602 |
| 905 | @b721511-13@dTM-43@eY586@f3 | |
| 电工与电子实训教程/殷志坚, 王丽华, 彭健飞主编.-武汉:华中科技大学出版社,2007.09 |
| 220页;23cm.-(高等院校技术基础课系列教材) |
| ISBN 978-7-5609-4168-4:CNY25.00 |
| 本书分四章,共51个实验,主要介绍了电工电子技术中的基本实验内容和测试方法,以及常用电工和电子实验仪器的使用。 |
| ● |
| 相关链接 |
|
|
|
正题名:电工与电子实训教程
索取号:TM-43/Y586
 
预约/预借
| 序号 | 登录号 | 条形码 | 馆藏地/架位号 | 状态 | 备注 |
| 1 | 721511 | 207215119 | 自科二线404/301自科库 2排2列3层/ [索取号:TM-43/Y586] | 在馆 | |
| 2 | 721512 | 207215128 | 自科二线404/301自科库 2排2列3层/ [索取号:TM-43/Y586] | 在馆 | |
| 3 | 721513 | 207215137 | 自科二线404/301自科库 2排2列3层/ [索取号:TM-43/Y586] | 在馆 |